Online Catalogue and eLibrary

Indian women : (Record no. 80)

MARC details
000 -LEADER
fixed length control field 00758pam a2200241 a 4500
001 - CONTROL NUMBER
control field 2453929
005 - DATE AND TIME OF LATEST TRANSACTION
control field 20231126224810.0
008 - FIXED-LENGTH DATA ELEMENTS--GENERAL INFORMATION
fixed length control field 890124s1989 ii b 000 0 eng
020 ## - INTERNATIONAL STANDARD BOOK NUMBER
ISBN 0803995970
020 ## - INTERNATIONAL STANDARD BOOK NUMBER
ISBN 0803995989 (pbk.)
040 ## - CATALOGING SOURCE (பட்டியலாக்க மூலம்)
Original cataloging agency DLC
Transcribing agency DLC
Modifying agency DLC
082 00 - DDC Classification
Class No. 305.4/0954
DDC Edition Number 19
Item Number - Author Mark IND.
100 1# - MAIN ENTRY--PERSONAL NAME
Personal name Parikh, Indira J.
245 10 - TITLE STATEMENT
Title Indian women :
Remainder of title an inner dialogue /
Statement of responsibility, etc. Indira J. Parikh, Pulin K. Garg.
260 ## - PUBLICATION, DISTRIBUTION, ETC.
Place of publication, distribution, etc. New Delhi ;
-- Newbury Park, Calif. :
Name of publisher, distributor, etc. Sage Publications,
Date of publication, distribution, etc. 1989.
300 ## - PHYSICAL DESCRIPTION
Extent (e.g. Volumes, Pages etc.) 224 p. ;
650 #0 - SUBJECT ADDED ENTRY--TOPICAL TERM
Topical term or geographic name entry element Women
650 #0 - SUBJECT ADDED ENTRY--TOPICAL TERM
Topical term or geographic name entry element Women
700 1# - ADDED ENTRY--PERSONAL NAME
Personal name Garg, Pulin K.,
Relator term (Role) Editor
856 42 - ELECTRONIC LOCATION AND ACCESS
Uniform Resource Identifier <a href="http://www.loc.gov/catdir/enhancements/fy0657/89030581-d.html">http://www.loc.gov/catdir/enhancements/fy0657/89030581-d.html</a>
856 41 - ELECTRONIC LOCATION AND ACCESS
Uniform Resource Identifier <a href="http://www.loc.gov/catdir/enhancements/fy0657/89030581-t.html">http://www.loc.gov/catdir/enhancements/fy0657/89030581-t.html</a>
942 ## - Koha item type (Biblio)
Koha item type Books in Stacks (Lending)
Holdings
Lost status Damaged status Collection code Home library Current library Date acquired Full call number Accession Number Item type
    Lending WERC Library WERC Library 11/27/2023 305.4/0954 IND. 3392 Books in Stacks (Lending)

© WERC Library